BIBLIOTHÈQUE DE LA MAISON DU MEXIQUE

Logo 1 Logo 2

Tapioca Inn (notice nᵒ 3583)

détails MARC
000 -Sello discográfico
campo de control de longitud fija 00904nam a2200301 4500
005 - Identificación de versión
campo de control 20251017062752.0
035 ## - Otros números de control del sistema
Número de control del sistema 13575
099 ## - fechas locales
Tipo de ítem Koha LIBRO
100 ## - Datos de procesamiento general
Datos de procesamiento general 19980616d1952 m y1spay5003 ba
105 ## - Campo de datos codificados: Material textual, monográfico
Datos codificados de monografía a 000ay
200 1# - Título y mención de responsabilidad
Título propio Tapioca Inn
Designación general del material texto impreso
Otra información del título mansión para fantasmas
Primer mención de responsabilidad Francisco Tario
Declaración de responsabilidad subsiguiente dibujos Alberto Beltrán
205 ## - Declaración de edición
Declaración de edición 1a ed
210 ## - Publicación, distribución, etc.
Lugar de publicación, distribución, etc. México
Nombre del editor, distribuidor, etc. Editorial Cvltvra
Fecha de publicación, distribución, etc. 1952
215 ## - Descripción física
Designación de material específico y extensión del ítem 259 p
Otras características físicas il.
Dimensiones 20 cm
345 ## - Nota de información de adquisición
Fuente de adquisición/dirección de la suscripción [OBSOLETO] Donación
410 #1 - Series
Título Colección Tezontle
606 ## - Término temático usado como materia
Elemento de entrada Cuentos mexicanos
Subdivisión cronológica Siglo XX
Número Koha 81
660 ## - Código de área geográfica
Código MX
700 ## - Nombre personal - Responsabilidad primaria
Elemento de entrada Peláez Vega
Parte del nombre distinta del elemento de entrada Francisco
Fechas 1911-1977
Adiciones a los nombres que no sean fechas Francisco Tario
Número Koha 7232
702 ## - Nombre personal - Responsabilidad secundaria
Elemento de entrada Beltrán García
Parte del nombre distinta del elemento de entrada Alberto
Fechas 1923-2002
Número Koha 3377
801 #0 - Fuente de origen
Agencia cm
900 ## -
-- 1/17468
900 ## -
-- 710989072\\160698
942 ## - ELEMENTOS DE ENTRADA SECUNDARIOS (KOHA)
Tipo de ítem Koha Livre
996 ## -
-- MEX
-- 751145101
-- MMAG
-- 009948
-- 863.4 T187TA
-- 20240325LIV
Exemplaires
Estatus retirado Estado de daño Estado de pérdida Fecha de adquisición Biblioteca de origen Biblioteca actual Ubicación en estantería Código de barras Precio de reemplazo Signatura topográfica completa No para préstamo Tipo de ítem Koha Nota pública Nota no pública
      05/08/2025 Casa México Paris Casa México Paris   009948 05/08/2025 863.4 T187TA   Livre 20240325LIV 751145101